V Bienal Internacional del Deporte en las Bellas Artes
Descripción Física:
[180] p. : il. ; 20 x 25 cm
MARC
| LEADER | 00000nam a2200000Ia 4500 | ||
|---|---|---|---|
| 001 | 14928 | ||
| 003 | BGR | ||
| 005 | 20260324175329.0 | ||
| 008 | 160829s9999 xx 000 0 cat d | ||
| 080 | |a B-2-24 | ||
| 111 | |a Bienal Internacional del Deporte en las Bellar Artes |9 70687 |c (Barcelona : |d (1975) | ||
| 245 | |a V Bienal Internacional del Deporte en las Bellas Artes | ||
| 260 | |a [Madrid] : |b Delegación Nacional de Educación Física y Deportes, DL 1975 | ||
| 300 | |a [180] p. : |b il. ; |c 20 x 25 cm | ||
| 590 | |a Índexs. | ||
| 590 | |a Catàleg de l'exposició celebrada a les Drassanes de Barcelona l'octubre de 1975 | ||
| 650 | |a Esports en l'art |x Exposicions |9 27332 | ||
| 650 | 0 | |a Art modern |y S. XX |v Exposicions |9 25515 | |
| 901 | |a Arxiu | ||
| 942 | |n 1 |2 udc |c MON | ||
| 952 | |0 0 |1 0 |4 0 |6 B224 |7 1 |9 44352 |a Arxiu |b Arxiu |d 2016-12-01 |l 0 |o B-2-24 |p 14928 |r 2016-12-01 00:00:00 |w 2016-12-01 |y ARXIU | ||
| 999 | |c 46933 |d 46933 | ||